| 000 | 00000nam 2200000zi 4500 |
| 001 | 9.874767 |
| 003 | CaOODSP |
| 005 | 20221107164300 |
| 006 | m o d f |
| 007 | cr |n||||||||| |
| 008 | 190612s2006 qucabo #o f000 0 fre d |
| 040 | |aCaOODSP|bfre|erda|cCaOODSP |
| 043 | |an-cn--- |
| 086 | 1 |aP4-86/2006F-PDF |
| 110 | 1 |aCanada. |bTravaux publics et services gouvernementaux Canada. |
| 245 | 10|aCité parlementaire et cité judiciaire : |bcapacité du site et plan d'aménagement à long terme, mise à jour 2006. |
| 264 | 1|a[Gatineau, Québec] : |bTravaux publics et Services gouvernementaux Canada, |c[2006] |
| 300 | |a1 ressource en ligne (xii, 125 pages) : |billustrations, photographies, cartes (certaines en couleur) |
| 336 | |atexte|btxt|2rdacontent/fre |
| 337 | |ainformatique|bc|2rdamedia/fre |
| 338 | |aressource en ligne|bcr|2rdacarrier/fre |
| 500 | |aPublié aussi en anglais sous le titre : Parliamentary and judicial precincts area, site capacity and long term development plan, 2006 update. |
| 504 | |aComprend des références bibliographiques. |
| 520 | |a« Le présent Plan d’aménagement énonce les orientations essentielles d’un vaste programme à étapes multiples, étalé sur 25 ans, pour remettre en état les bâtiments et les aménagements paysagers, et pour y ajouter les installations indispensables aux institutions nationales qui composent la Cité parlementaire et la Cité judiciaire »--Introduction. |
| 550 | |aCo-publié par : du Toit Allsopp Hillier, Diamond and Schmitt, McCormick Rankin, Goldsmith Borgal, Schollen+Company, Weaymouth+Associates. |
| 692 | 07|2gccst|aPlanification |
| 692 | 07|2gccst|aBiens de la Couronne |
| 692 | 07|2gccst|aParlement |
| 692 | 07|2gccst|aTribunal |
| 710 | 2 |aDu Toit, Allsopp, Hillier (Firme) |
| 710 | 2 |aDiamond and Schmitt Architects. |
| 710 | 2 |aMcCormick, Rankin & Associates. |
| 710 | 2 |aGoldsmith Borgal and Company Architects. |
| 710 | 2 |aSchollen & Company. |
| 710 | 2 |aWeaymouth & Associates, Inc. |
| 775 | 08|tParliamentary and judicial precincts area : |w(CaOODSP)9.874765 |
| 856 | 40|qPDF|s18.96 Mo|uhttps://publications.gc.ca/collections/collection_2019/spac-pspc/P4-86-2006-fra.pdf |